Memoria comercial / (Record no. 173503)

MARC details
000 -LEADER
campo de control de longitud fija 01054nas a2200265 i 4500
001 - NÚMERO DE CONTROL
campo de control 173503
003 - IDENTIFICADOR DE NÚMERO DE CONTROL
campo de control ES-MaACL
005 - FECHA Y HORA DE LA ÚLTIMA TRANSACCIÓN
campo de control 20250217134854.0
008 - DATOS DE LONGITUD FIJA--INFORMACIÓN GENERAL
campo de control de longitud fija 091203c1912 sp a| | ||pa d
022 ## - NÚMERO INTERNACIONAL NORMALIZADO PARA PUBLICACIONES SERIADAS
Número Internacional Normalizado para Publicaciones Seriadas 1132-2780
080 ## - NÚMERO DE LA CLASIFICACIÓN DECIMAL UNIVERSAL
Número de la Clasificación Decimal Universal 338
080 ## - NÚMERO DE LA CLASIFICACIÓN DECIMAL UNIVERSAL
Número de la Clasificación Decimal Universal 334.788.2
245 00 - MENCIÓN DEL TÍTULO
Título Memoria comercial /
Mención de responsabilidad, etc. Cámara Oficial de Comercio y Navegación de Barcelona.
260 ## - PUBLICACIÓN, DISTRIBUCIÓN, ETC.
Lugar de publicación, distribución, etc. Barcelona :
Nombre del editor, distribuidor, etc. Camara de Comercio y Navegación,
Fecha de publicación, distribución, etc. 1912- (
Fabricante Henrich y Cia.)
300 ## - DESCRIPCIÓN FÍSICA
Extensión 96 v. ;
Dimensiones 27 cm.
310 ## - PERIODICIDAD ACTUAL
Periodicidad actual Anual
515 ## - NOTA DE PECULIARIDADES DE LA NUMERACIÓN
Nota de peculiaridades de la numeración Los años 1928-1935 y 1949-1962 publicados en 2 vol.
550 ## - NOTA DE ENTIDAD RESPONSABLE
Nota de entidad responsable Desde 1929 el nombre de la entidad es: Cámara Oficial de Comercio y Navegación de Barcelona.
651 #4 - PUNTO DE ACCESO ADICIONAL DE MATERIA--NOMBRE GEOGRÁFICO
Nombre geográfico Cataluña-
Subdivisión general Situación económica.
9 (RLIN) 150813
710 2# - ENTRADA AGREGADA--NOMBRE DE ENTIDAD CORPORATIVA
Nombre de entidad corporativa o nombre de jurisdicción como elemento de entrada Cámara Oficial de Comercio, Industria y Navegación de Barcelona.
9 (RLIN) 2390
785 00 - ENTRADA/ENLACE A UN TÍTULO POSTERIOR
Título Memoria sobre el estado de los negocios y el movimiento comercial de Cataluña
852 ## - LOCALIZACIÓN
Ubicación ES-MaACL
Número de control de estantería HEM-D-175
Encuadernación Hem-1155
Signatura antigua
866 #0 - MENCIÓN TEXTUAL DE FONDOS--UNIDAD BIBLIOGRÁFICA BÁSICA
Fondos 1912-35, 1939-49, (1950) 1951-52, 1954-66.
Holdings
Estatus retirado Estado de pérdida Estado de daño No para préstamo Colección Biblioteca de origen Biblioteca actual Ubicación en estantería Fecha de adquisición Fuente de adquisición Total de préstamos Signatura topográfica completa Código de barras Visto por última vez Precio de reemplazo Tipo de ítem Koha
        Periódicos y Revistas Biblioteca del Ateneo de Madrid Biblioteca del Ateneo de Madrid Depósito 2 03/12/2009     HEM-D-175 1182082 23/02/2023 23/02/2023 Revista